| 000 -LEADER |
| fixed length control field |
00565nam a22001817a 4500 |
| 008 - FIXED-LENGTH DATA ELEMENTS--GENERAL INFORMATION |
| fixed length control field |
150722b xxu||||| |||| 00| 0 eng d |
| 020 ## - INTERNATIONAL STANDARD BOOK NUMBER |
| International Standard Book Number |
0205380840 |
| 041 0# - LANGUAGE CODE |
| Language code of text/sound track or separate title |
eng |
| 080 ## - UNIVERSAL DECIMAL CLASSIFICATION NUMBER |
| Universal Decimal Classification number |
371.2 |
| 100 ## - Rafti |
| Rafti |
Rebore, Ronald W. ; |
| 245 10 - TITLE STATEMENT |
| Title |
Human resources administration in education : |
| Statement of responsibility, etc |
Ronald W. Rebore. |
| 250 ## - |
| -- |
7th ed. |
| 260 ## - |
| -- |
Boston : |
| -- |
Pearson/Allyn and Bacon, |
| -- |
c2004. |
| 300 ## - |
| -- |
x, 374 f. ; |
| -- |
24 cm. |
| 505 ## - |
| -- |
Index: f. 369-374 |
| 650 #0 - |
| -- |
Menaxhimi i stafit të shkollës |
| -- |
Shtetet e Bashkuara |
| 942 ## - ADDED ENTRY ELEMENTS (KOHA) |
| Source of classification or shelving scheme |
|
| Item type |
Books |